| 000 | 00460cam a2200181ua 4500 | ||
|---|---|---|---|
| 001 | 6476 | ||
| 008 | 060101n1981 II |||gr||||Z||||||eng | ||
| 040 | _aMAIN | ||
| 041 | _aEnglish | ||
| 082 | _a155 HUR | ||
| 100 | _aHURLOCK , ELIZABETH . | ||
| 245 | _aDEVELOPMENTAL PSYCHOLOGY | ||
| 250 | _a1ST. | ||
| 260 |
_aNEW DELHI _bTATA MCGREW HILL PUBLISHING CO. _c1981 |
||
| 300 |
_a477.: _c18CM. |
||
| 653 | _aDifferential & developmental psychology | ||
| 942 | _cBK | ||
| 999 |
_c6461 _d6461 |
||